Culture Générale - Série 2451 - Statistiques

Statistiques générales
  • Ce quiz a été pris 193 fois
  • Le résultat moyen est 5 sur 10
Statistiques - réponses
Question Réponse % Correct
De quel pays Asunción est-elle la capitale ? Paraguay
81%
Quel anglicisme désigne une nouvelle version (d'un film, d'une œuvre littéraire) ? remake
73%
Dans quel pays est situé le plus haut sommet d'Afrique ? Tanzanie
72%
Quel est le premier cosmonaute à avoir réalisé un vol dans l'espace le 12 avril 1961 ? prénom et nom Youri Gagarine
70%
Dans quel pays a eu lieu la révolution des oeillets en1974 ? Portugal
66%
Se vanter, faire l'intéressant : c'est faire le .... (7 lettres commençant par " m "- dans le langage familier) mariole
50%
De qui est la pièce de théâtre "Lucrèce Borgia" écrite en 1832 ? prénom et nom Victor Hugo
33%
De quel courant de peinture expressionniste Henri Matisse était-il le chef de file ? fauvisme
27%
Pièce de harnachement pour les animaux domestiques. Il se place sur la tête de l'animal et permet ensuite d'avoir une prise pour tenir la bête, et ainsi la conduire ou encore l'attacher. - voir photo licou
23%
1. Partie du corps qui s'étend de la ceinture au genou, quand on est assis ; la poitrine d'une femme. · 2. Milieu, groupe où l'on se trouve en sécurité . giron
12%
Aucun quiz correspondant
Distribution des résultats
% des personnes avec chaque résultat
Percentile par nombre de réponses
Votre historique - résultats
Vous n’avez pas pris ce quiz